000 00511cam a22001817a 4500
001 001741
003 armpunfd
005 20140612090649.0
008 050912e0####xx#a##########000#0#und#d
040 _aarmpunfd
_carmpunfd
080 _a342.4 (821.2) C 662
245 1 0 _aConstitucion de la provincia de buenos : la plata - 1994
260 _a Uenos Aires : El Derecho
_b1994. 31 P.
650 7 _a Buenos Aires
_2LEMB
650 7 _a Constitucion
_2LEMB
942 _cLB
_2cdu
945 _aCatalis
_d2010-08-19
999 _c1732
_d232236